Introduction to business statistics : (Record no. 39377)

MARC details
000 -LEADER
fixed length control field 00829nam a22002177a 4500
005 - DATE AND TIME OF LATEST TRANSACTION
control field 20100805114114.0
010 ## - LCCN (DPL NO)
LC control number ENG-98272
020 ## - INTERNATIONAL STANDARD BOOK NUMBER
International Standard Book Number 9788190908115
Terms of availability 125.00
035 ## - SYSTEM CONTROL NUMBER
System control number EN-81805
037 ## - SOURCE OF ACQUISITION
Source of stock number/acquisition DBAD/PUB
082 ## - DEWEY DECIMAL CLASSIFICATION NUMBER
Classification number 519.5
100 ## - MAIN ENTRY--PERSONAL NAME
Personal name Giri, Prasanta Kumar
245 ## - TITLE STATEMENT
Title Introduction to business statistics :
Remainder of title for second semester of WBUT /
Statement of responsibility, etc by Prasanta Kumar Giri [and] Jiban Banerjee
260 ## - PUBLICATION, DISTRIBUTION, ETC. (IMPRINT)
Place of publication, distribution, etc Kolkata
Name of publisher, distributor, etc Academic Publishers
Date of publication, distribution, etc 2010
270 ## - ADDRESS
Address 5A Bhawani Dutta Lane
City Kolkata
Postal code 700073
300 ## - PHYSICAL DESCRIPTION
Extent vii,209p.:
Other physical details ill.
Dimensions 22cm (pbk)
650 ## - SUBJECT ADDED ENTRY--TOPICAL TERM
Topical term or geographic name as entry element Statistical Mathematics
700 ## - ADDED ENTRY--PERSONAL NAME
Personal name Banerjee, Jiban
9 (RLIN) 6548
942 ## - ADDED ENTRY ELEMENTS (KOHA)
Source of classification or shelving scheme Dewey Decimal Classification
Item type English Books
Classification part 519.5
Call number suffix GIR
Holdings
Withdrawn status Lost status Not for loan Collection code Home library Current library Date acquired Source of acquisition Cost, normal purchase price Full call number Barcode Copy number Cost, replacement price Koha item type
    Not For Loan Non-fiction D.B.Act.Division D.B.Act.Division 05/08/2010 DBAD/PUB 125.00 519.5 INT EN-81805 1 125.00 English Books

© Delhi Public Library
Hit Counter
free hit counter